|
|
|
|
| LEADER |
00000nam a2200000 a 4500 |
| 001 |
vtls001372521 |
| 003 |
SK-MaSNL |
| 005 |
20260301011038.0 |
| 008 |
251113s1999 xo ab d d 0 slo |
| 015 |
|
|
|a SNBE1999/01-00302
|
| 020 |
|
|
|a 8096811843
|
| 035 |
|
|
|a SNK000326372
|
| 040 |
|
|
|a SNK
|b slo
|c SNK
|e AACR2
|
| 041 |
0 |
|
|a slo
|
| 044 |
|
|
|a xo
|c SK
|
| 080 |
|
|
|a 77.04.071.1(083.9)
|2 1981
|
| 080 |
|
|
|a 929 Sládek, Anton
|2 1981
|
| 245 |
1 |
|
|a Anton Sládek. "Bratislava, láska moja"
|c text Vlado Václav ; foto a grafická úprava Anton Sládek
|
| 260 |
|
|
|a Bratislava
|b Anton Sládek
|c 1999
|
| 300 |
|
|
|a 31. s.
|b fotogr.
|c 11x16 cm
|
| 490 |
1 |
|
|a 24 fotografií
|
| 500 |
|
|
|a Katalóg v obale
|
| 500 |
|
|
|a 500 výt.
|
| 600 |
1 |
|
|a Sládek, Anton,
|d 1956-
|2 SNK
|9 245878
|
| 655 |
|
7 |
|a informačné publikácie
|2 SNK
|9 70181
|
| 655 |
|
7 |
|a katalógy
|2 SNK
|9 60821
|
| 700 |
1 |
|
|a Václav, Vlado
|4 auv
|9 293821
|
| 700 |
1 |
|
|a Sládek, Anton,
|d 1956-
|4 fot
|4 gup
|9 245878
|
| 830 |
|
0 |
|a 24 fotografií
|9 293822
|
| 919 |
|
|
|a 80-968118-4-3
|
| 958 |
|
|
|a TL
|
| 958 |
|
|
|a BQ
|
| 958 |
|
|
|a BX
|
| 999 |
|
|
|c 549865
|d 551795
|
| 952 |
|
|
|t P60, <04>, [BOOK], {604}
|a SNK
|b SNK
|y VYP
|7 0
|p 17A0208748
|o snkOSE 3610 D1
|i snkKSP 9170/99
|0 0
|1 0
|4 0
|d 1999-09-17
|l 0
|r 2005-01-02 00:00:00
|w 2026-02-23
|
| 952 |
|
|
|t P60, <03>, [BOOK], {603}
|a SNK
|b SNK
|y PREZ
|7 0
|p 17A0208747
|o snkOSE 3610
|i snkKSP 9169/99
|0 0
|1 0
|4 0
|d 1999-09-17
|l 0
|r 2005-01-02 00:00:00
|w 2026-02-23
|